[Event "TUR Cup"]
[Site "Adapazari"]
[Date "2022.03.26"]
[Round "3"]
[White "Ucan, Hakan"]
[Black "Ozdemir, Burak Kaan"]
[Result "1-0"]
[WhiteElo "1375"]
[BlackElo "1390"]
[PlyCount "81"]
[EventDate "2022.03.25"]
[EventType "swiss"]
[EventRounds "11"]
[EventCountry "TUR"]
[SourceTitle "EXT 2023"]
[Source "ChessBase"]
[SourceDate "2022.10.05"]
[SourceVersion "1"]
[SourceVersionDate "2022.10.05"]
[SourceQuality "1"]

1. e4 e5 2. Nf3 Nc6 3. Bc4 Nf6 4. d3 d6 5. c3 Be6 6. Bb5 Be7 7. d4 exd4 8. cxd4 a6 9. Ba4 b5 10. Bc2 0-0 11. d5 Bxd5 12. exd5 Ne5 13. 0-0 h6 14. Re1 Ned7 15. Be3 Ng4 16. Qd3 g6 17. Nc3 Nxe3 18. Rxe3 Nc5 19. Qe2 Bg5 20. Nxg5 Qxg5 21. b4 Nd7 22. Rf1 f5 23. f4 Qf6 24. Re7 Rf7 25. Rxf7 Kxf7 26. Rf3 Re8 27. Re3 Qd4 28. Nd1 Rxe3 29. Qxe3 Qxb4 30. a3 Qc5 31. Qxc5 Nxc5 32. Kf2 Kf6 33. Ke3 g5 34. Nc3 g4 35. Ne2 a5 36. Nd4 b4 37. axb4 axb4 38. Nb3 Nxb3 39. Bxb3 Ke7 40. Kd4 Kd7 41. Bc2 1-0